NBA Players With The Most 20+ Rebound Games - Statistics

General Stats
  • This quiz has been taken 73 times
  • The average score is 6 of 16
Answer Stats
# of Times Player % Correct
158 Dennis Rodman
86%
35 Shaquille O'Neal
68%
48 Hakeem Olajuwon
61%
91* Andre Drummond
58%
37 Moses Malone
56%
60* DeAndre Jordan
51%
82 Dwight Howard
51%
36 Kevin Garnett
39%
52 Dikembe Mutombo
37%
54 Charles Barkley
35%
33* Rudy Gobert
33%
42 Ben Wallace
30%
31 Tyson Chandler
14%
37 Kevin Willis
12%
44 Marcus Camby
9%
30 Bill Laimbeer
7%
No matching quizzes found
Score Distribution
Percent of People with Each Score
Percentile by Number Answered
Your Score History
You have not taken this quiz